Chẩn đoán, điều trị các rối loạn tâm thần và hành vi : Sách tham khảo
Cuôn sách trình bày các rổi loạn tâm thần và hành vi thường gặp. Các rối loạn tâm thấn và hành vi được làm sáng tỏ dễ hiều về đặc điểm lâm sàng, chẩn đoán và điều trị. Điều này, giúp cho các nhà lâm sàng tâm thần học, kể cả các bác...
Salvato in:
| Autore principale: | |
|---|---|
| Altri autori: | |
| Natura: | Libro |
| Lingua: | Vietnamese |
| Pubblicazione: |
H.
Y học
2022
|
| Soggetti: | |
| Tags: |
Aggiungi Tag
Nessun Tag, puoi essere il primo ad aggiungerne! !
|
| Thư viện lưu trữ: | Thư viện Trường Đại học Nam Cần Thơ |
|---|
| LEADER | 02835nam a22003257a 4500 | ||
|---|---|---|---|
| 001 | NCT_141551 | ||
| 008 | 180428b xxu||||| |||| 00| 0 vie d | ||
| 999 | |c 7288 |d 7288 | ||
| 020 | |a 9786046653660 |c 180000 | ||
| 082 | 0 | 4 | |2 23rd ed. |a 616.8 |b B312 |
| 100 | 1 | |a Trần Hữu Bình |e Chủ biên | |
| 245 | 1 | 0 | |a Chẩn đoán, điều trị các rối loạn tâm thần và hành vi : |b Sách tham khảo |c Trần Hữu Bình, Trần Nguyễn Ngọc (Chủ biên) |
| 260 | |a H. |b Y học |c 2022 | ||
| 300 | |a 203 tr. |c 27cm | ||
| 500 | |a ĐTTS ghi: Trường Đại học Y Hà Nội. Bộ môn tâm thần | ||
| 520 | 3 | |a Cuôn sách trình bày các rổi loạn tâm thần và hành vi thường gặp. Các rối loạn tâm thấn và hành vi được làm sáng tỏ dễ hiều về đặc điểm lâm sàng, chẩn đoán và điều trị. Điều này, giúp cho các nhà lâm sàng tâm thần học, kể cả các bác sĩ đa khoa dễ nhận thấy để phát hiện sớm điêu trị tại cộng đông. | |
| 653 | |a Y Đa khoa | ||
| 700 | 1 | |a Trần Nguyễn Ngọc |e Chủ biên | |
| 942 | |2 ddc |c BK | ||
| 952 | |0 0 |1 0 |2 ddc |4 0 |6 616_800000000000000_B312 |7 0 |9 26259 |a 000001 |b 000001 |d 2022-09-27 |o 616.8 B312 |p MD.20730 |r 2022-09-27 |v 180000.00 |w 2022-09-27 |y BK | ||
| 952 | |0 0 |1 0 |2 ddc |4 0 |6 616_800000000000000_B312 |7 0 |9 26260 |a 000001 |b 000001 |d 2022-09-27 |o 616.8 B312 |p MD.20731 |r 2022-09-27 |v 180000.00 |w 2022-09-27 |y BK | ||
| 952 | |0 0 |1 0 |2 ddc |4 0 |6 616_800000000000000_B312 |7 0 |9 26261 |a 000001 |b 000001 |d 2022-09-27 |o 616.8 B312 |p MD.20732 |r 2022-09-27 |v 180000.00 |w 2022-09-27 |y BK | ||
| 952 | |0 0 |1 0 |2 ddc |4 0 |6 616_800000000000000_B312 |7 0 |9 26262 |a 000001 |b 000001 |d 2022-09-27 |o 616.8 B312 |p MD.20733 |r 2022-09-27 |v 180000.00 |w 2022-09-27 |y BK | ||
| 952 | |0 0 |1 0 |2 ddc |4 0 |6 616_800000000000000_B312 |7 0 |9 26263 |a 000001 |b 000001 |d 2022-09-27 |o 616.8 B312 |p MD.20734 |r 2022-09-27 |v 180000.00 |w 2022-09-27 |y BK | ||
| 952 | |0 0 |1 0 |2 ddc |4 0 |6 616_800000000000000_B312 |7 0 |9 26264 |a 000001 |b 000001 |d 2022-09-27 |o 616.8 B312 |p MD.20735 |r 2022-09-27 |v 180000.00 |w 2022-09-27 |y BK | ||
| 952 | |0 0 |1 0 |2 ddc |4 0 |6 616_800000000000000_B312 |7 0 |9 26265 |a 000001 |b 000001 |d 2022-09-27 |o 616.8 B312 |p MD.20736 |r 2022-09-27 |v 180000.00 |w 2022-09-27 |y BK | ||
| 952 | |0 0 |1 0 |2 ddc |4 0 |6 616_800000000000000_B312 |7 0 |9 26266 |a 000001 |b 000001 |d 2022-09-27 |o 616.8 B312 |p MD.20737 |r 2022-09-27 |v 180000.00 |w 2022-09-27 |y BK | ||
| 952 | |0 0 |1 0 |2 ddc |4 0 |6 616_800000000000000_B312 |7 0 |9 26267 |a 000001 |b 000001 |d 2022-09-27 |o 616.8 B312 |p MD.20738 |r 2022-09-27 |v 180000.00 |w 2022-09-27 |y BK | ||
| 952 | |0 0 |1 0 |2 ddc |4 0 |6 616_800000000000000_B312 |7 0 |9 26268 |a 000001 |b 000001 |d 2022-09-27 |o 616.8 B312 |p MD.20739 |r 2022-09-27 |v 180000.00 |w 2022-09-27 |y BK | ||
| 980 | |a Thư viện Trường Đại học Nam Cần Thơ | ||


